I knew you were trouble with missing lyrics - Statistics

General Stats
  • This quiz has been taken 12 times
  • The average score is 35 of 78
Answer Stats
Not Missing Lyrics Missing Lyrics % Correct
Once upon a time
100%
a few mistakes ago
70%
You found me
70%
You found me
70%
You found me
70%
you left me alone
60%
without me
60%
without me
60%
without me
60%
so shame on me now
60%
so shame on me now
60%
oh-oooh so shame on me now
60%
so shame on me now
60%
i was in your sights
60%
Cause I knew you were trouble
60%
oh I knew you were trouble
60%
Hey! i knew you were trouble
60%
I knew you were trouble
60%
the blame is on me
50%
you're drowning
50%
you're drowning
50%
you're drowning
50%
and when I fell hard
50%
flew me to places i'd never been
50%
and he's long gone
50%
he was long gone
50%
when he's next to me
50%
ground oh' oh'
50%
oh, oh
50%
and I realize
50%
You took a step back
50%
now im lyin' on the cold hard
50%
that he's the reason why
50%
ooh oh trouble trouble trouble
50%
trouble trouble trouble
50%
trouble trouble trouble
50%
oh oh (yeah) trouble trouble trouble
50%
oh,oh trouble trouble
50%
oh,oh trouble trouble trouble
50%
trouble trouble trouble
50%
trouble trouble trouble
50%
when I walked in
50%
when you walked in
50%
when you walked in
50%
and I heard you moved on
50%
no apologies
40%
pretend he doesn't know
40%
and now i see
40%
now i see
40%
now i see
40%
from whispers on the street
40%
Flew me to places i'd never been
40%
flew me to places i'd never been
40%
`til you put me down
40%
(Uuh) Now im lyin' on the cold hard ground
40%
I guess you didn't care
40%
is all i'll ever be
30%
yeah-ah I knew you
30%
now i'm lyin' on the cold hard ground
30%
flew me to places
30%
he'll never see you cry
30%
walked in, so shame on me
30%
and I realize the joke is on me,
30%
I knew you were trouble
30%
when you walked in
30%
or anyone
20%
or anything
20%
comes creepin' in
20%
or her
20%
that you never loved me
20%
when I met him
20%
trouble and the saddest fear
20%
i'd never been till you put me down
20%
now flew me to places i'd never been
20%
trouble when you
20%
were trouble when you walked in
20%
oh, I i knew you were
10%
a new notch in yo' belt
0%
No matching quizzes found
Score Distribution
Percent of People with Each Score
Percentile by Number Answered
Your Score History
You have not taken this quiz